| 000 | 00677nam a2200193 a 4500 | ||
|---|---|---|---|
| 003 | 0 | ||
| 005 | 20250221154749.0 | ||
| 008 | 111115s19uu xx 00 eng d | ||
| 050 |
_aPGS LB 1139.5.H65 _b.H255 2011 |
||
| 100 | _aHarbord, Louiesa Jean. | ||
| 245 |
_aPet ownership and hygiene habits of SISC students / _cLouiesa Jean Harbord. |
||
| 260 |
_aLas PiƱas City, Philippines : _bSouthville International School and Colleges, _c2011. |
||
| 300 |
_a21 pages : _billustrations ; _c28 cm. |
||
| 504 | _aIncludes bibliographical references. | ||
| 650 | _aPet ownership. | ||
| 650 |
_aPets _vChild relations. |
||
| 650 |
_aPersonal hygiene _vChildren. |
||
| 942 |
_2lcc _cPASS |
||
| 999 |
_c98643 _d98643 |
||